[Event "Macieja Memorial"]
[Site "Warsaw POL"]
[Date "2024.07.08"]
[Round "6.35"]
[White "Kowalski, Witold"]
[Black "Czajkowski, Adam"]
[Result "1-0"]
[WhiteElo "1867"]
[BlackElo "2084"]
[EventDate "2024.07.08"]
[PlyCount "141"]

1.e4 c5 2.Nf3 e6 3.d4 cxd4 4.Nxd4 Nc6 5.Nc3 Qc7 6.a3 a6 7.Be3 b5 8.Nxc6 Qxc6 
9.Be2 Bb7 10.Qd3 Nf6 11.Bf3 Qc7 12.O-O d6 13.Qd4 Be7 14.Rad1 O-O 15.Rd2 Rac8 
16.Rfd1 Nd7 17.Qd3 Ne5 18.Qf1 Nxf3+ 19.gxf3 f5 20.Re2 Rf6 21.Qh3 Rcf8 22.Rd3 
Qc4 23.Rd4 Qc8 24.Rd3 Qe8 25.Kf1 f4 26.Bc1 Rh6 27.Qg2 Rg6 28.Qh3 Rh6 29.Qg2 Qh5 
30.e5 Bxf3 31.Qxf3 Qxh2 32.Ke1 Qh1+ 33.Qxh1 Rxh1+ 34.Kd2 f3 35.Re1 Bg5+ 36.Kd1 
Rxe1+ 37.Kxe1 Bxc1 38.exd6 Bxb2 39.Ne4 Be5 40.Nc5 Rd8 41.d7 Kf7 42.Nb7 Ke7 
43.Nxd8 Kxd8 44.Rxf3 Kxd7 45.Kd2 Kd6 46.Kd3 Bf6 47.Rh3 h6 48.Ke4 Kc5 49.f4 Kc4 
50.Rd3 a5 51.Rd6 Kc3 52.Rc6+ Kb2 53.Rb6 Kxa3 54.Rxb5 a4 55.Kd3 Ka2 56.c3 a3 
57.Kc2 h5 58.Rxh5 Be7 59.c4 Ka1 60.Rh1+ Ka2 61.Re1 Bc5 62.Rxe6 Bd4 63.Re4 Bf6 
64.c5 Bd8 65.c6 Bc7 66.Re7 Bd6 67.c7 Bxc7 68.Rxc7 g5 69.fxg5 Ka1 70.Ra7 a2 
71.Rxa2+ 1-0

[Event "Macieja Memorial"]
[Site "Warsaw POL"]
[Date "2024.07.08"]
[Round "6.36"]
[White "Michalska, Aleksandra"]
[Black "Alvarado, Carlos"]
[Result "0-1"]
[WhiteElo "1857"]
[BlackElo "2040"]
[EventDate "2024.07.08"]
[PlyCount "80"]

1.d4 b6 2.Nf3 Bb7 3.g3 g6 4.Bg2 Bg7 5.e3 Nf6 6.O-O O-O 7.c4 c5 8.Nc3 Ne4 9.Qd3 
Nxc3 10.bxc3 Nc6 11.Ba3 d6 12.Nd2 Qc7 13.Rac1 Rad8 14.Rfe1 e5 15.d5 Ne7 16.f4 
Bc8 17.Rf1 Qd7 18.Qc2 h5 19.Rce1 Nf5 20.e4 Nh6 21.Qd1 exf4 22.Rxf4 Bxc3 23.Qc2 
Be5 24.Rf3 Qe7 25.Nf1 Kh7 26.Bc1 f5 27.Bxh6 Kxh6 28.exf5 Bxf5 29.Qd2+ Qg5 
30.Qxg5+ Kxg5 31.Kh1 Rde8 32.Rd1 Bg4 33.Rxf8 Rxf8 34.Re1 Rf2 35.Ne3 Rxa2 
36.Nxg4 hxg4 37.Bf1 a5 38.Bd3 a4 39.Rb1 Rd2 40.Bf1 a3 0-1

[Event "Macieja Memorial"]
[Site "Warsaw POL"]
[Date "2024.07.08"]
[Round "6.37"]
[White "Chmiel, Marcin"]
[Black "Hury, Tymoteusz"]
[Result "1/2-1/2"]
[WhiteElo "2038"]
[BlackElo "1846"]
[EventDate "2024.07.08"]
[PlyCount "110"]

1.c4 c6 2.g3 d5 3.Nf3 g6 4.b3 Bg7 5.d4 Nf6 6.Bg2 h5 7.Nc3 Bf5 8.Bf4 Nbd7 9.O-O 
Ne4 10.Rc1 Nxc3 11.Rxc3 Be4 12.cxd5 Bxd5 13.Qc2 Nf6 14.Be5 Be4 15.Qc1 O-O 
16.Rd1 Qd7 17.Bxf6 exf6 18.Ne1 f5 19.e3 h4 20.Nd3 Bxd3 21.Rcxd3 Qe7 22.d5 cxd5 
23.Bxd5 Rac8 24.Qd2 hxg3 25.hxg3 Rc7 26.Bc4 Rfc8 27.Rd7 Rxd7 28.Qxd7 Rc7 
29.Qd8+ Qxd8 30.Rxd8+ Bf8 31.a4 b6 32.Kg2 Kg7 33.Kf3 Bc5 34.Ke2 a5 35.Re8 Kf6 
36.Rd8 Ke7 37.Rd5 Rc8 38.Kd3 Rh8 39.Re5+ Kf6 40.Rd5 Ke7 41.Bb5 Rd8 42.Kc4 Rxd5 
43.Kxd5 Bb4 44.f3 Bc5 45.e4 fxe4 46.fxe4 f6 47.g4 g5 48.e5 fxe5 49.Kxe5 Be3 
50.Kd5 Kf6 51.Bd3 Bc5 52.Bf5 Be3 53.Kc6 Bc5 54.Kb5 Be3 55.Kc6 Ke5 1/2-1/2

[Event "Macieja Memorial"]
[Site "Warsaw POL"]
[Date "2024.07.08"]
[Round "6.39"]
[White "Pires, Emanuel Joao Robarts"]
[Black "Tarasionak, Arseni"]
[Result "1-0"]
[WhiteElo "2032"]
[BlackElo "1845"]
[EventDate "2024.07.08"]
[PlyCount "77"]

1.f4 g6 2.e3 Nf6 3.Nf3 d5 4.b3 Bg7 5.Bb2 O-O 6.Nc3 b6 7.Ne2 Bb7 8.Ng3 h5 9.f5 
Ne4 10.Bxg7 Kxg7 11.Bd3 c5 12.Qc1 e6 13.Qb2+ Qf6 14.Qxf6+ Kxf6 15.fxe6 Nxg3 
16.hxg3 Kxe6 17.O-O Nc6 18.Ng5+ Ke7 19.Nh7 Rh8 20.Nf6 Nb4 21.Rae1 Nxd3 22.cxd3 
Rhd8 23.g4 hxg4 24.Nxg4 Ba6 25.Ne5 Rf8 26.Rf4 Ke6 27.d4 g5 28.Rf3 f6 29.Ng4 f5 
30.Ne5 Bb7 31.Rc1 Rac8 32.Rcf1 cxd4 33.exd4 f4 34.Re1 Kf5 35.Rc3 Rfe8 36.Rec1 
a6 37.Rc7 Ba8 38.Rxc8 Rxc8 39.Rxc8 1-0

[Event "Macieja Memorial"]
[Site "Warsaw POL"]
[Date "2024.07.08"]
[Round "6.40"]
[White "Maack, Kjartan"]
[Black "Zajkowska, Olga"]
[Result "1-0"]
[WhiteElo "2030"]
[BlackElo "1797"]
[EventDate "2024.07.08"]
[PlyCount "36"]

1.c4 Nf6 2.Nc3 g6 3.g3 Bg7 4.Bg2 O-O 5.e4 d6 6.Nge2 e5 7.d3 Nc6 8.O-O Nh5 9.Be3 
f5 10.f4 exf4 11.Nxf4 Nxf4 12.Bxf4 Bd4+ 13.Kh1 g5 14.Bd2 Kh8 15.Rb1 Ne5 16.Qe2 
f4 17.gxf4 Bg4 18.Qe1 Bc8 1-0

[Event "Macieja Memorial"]
[Site "Warsaw POL"]
[Date "2024.07.08"]
[Round "6.41"]
[White "Zareba, Piotr"]
[Black "Grochulski, Grzegorz"]
[Result "0-1"]
[WhiteElo "1828"]
[BlackElo "2023"]
[EventDate "2024.07.08"]
[PlyCount "76"]

1.b3 e5 2.Bb2 Nc6 3.c4 f5 4.d3 Nf6 5.Nd2 d5 6.cxd5 Nxd5 7.Ngf3 Bd6 8.g3 Be6 
9.Bg2 g5 10.a3 g4 11.Nh4 Be7 12.Nxf5 Bxf5 13.e4 Be6 14.exd5 Bxd5 15.Ne4 Qd7 
16.Qc2 O-O-O 17.O-O-O Kb8 18.Kb1 Na5 19.Rc1 Nxb3 20.Bxe5 Nxc1 21.Rxc1 Bxa3 
22.Bxc7+ Ka8 23.Bxd8 Bxc1 24.Nf6 Qxd8 25.Nxd5 Ba3 26.Qc3 Bd6 27.Ka2 Re8 28.Be4 
Be5 29.Qb4 Re6 30.Kb1 Rc6 31.d4 Bd6 32.Qb5 Bb8 33.Bg2 Rd6 34.Kc2 Rc6+ 35.Kd1 
Qc8 36.Nb4 Rc1+ 37.Kd2 Qc3+ 38.Ke2 Re1# 0-1

[Event "Macieja Memorial"]
[Site "Warsaw POL"]
[Date "2024.07.08"]
[Round "6.42"]
[White "Lesik, Sebastian"]
[Black "Sanz Losada, Victoriano"]
[Result "0-1"]
[WhiteElo "1815"]
[BlackElo "1999"]
[EventDate "2024.07.08"]
[PlyCount "126"]

1.d4 Nf6 2.c4 e6 3.Nc3 Bb4 4.Qc2 O-O 5.a3 Bxc3+ 6.Qxc3 b6 7.f3 d5 8.Bg5 Nbd7 
9.e3 h6 10.Bh4 Ba6 11.b4 c5 12.bxc5 bxc5 13.cxd5 Bxf1 14.Kxf1 Nxd5 15.Bxd8 Nxc3 
16.Ba5 Nd5 17.Kf2 cxd4 18.exd4 Rfc8 19.Ne2 N7b6 20.Rhc1 Nc4 21.Bb4 a5 22.Bc5 
Nce3 23.Nc3 Nxc3 24.Rxc3 Nd5 25.Rb3 Rab8 26.Rab1 Rxb3 27.Rxb3 e5 28.Rb5 exd4 
29.Bxd4 Nf4 30.Kg3 Ne2+ 31.Kf2 Nxd4 32.Rxa5 Rc2+ 33.Ke3 Ne6 34.a4 Ra2 35.Ra8+ 
Kh7 36.a5 Kg6 37.a6 Nc7 38.Rc8 Nxa6 39.Rc6+ f6 40.g4 Nb4 41.Rc4 Nd5+ 42.Ke4 Nb6 
43.Rc6 Ra4+ 44.Ke3 Nc4+ 45.Kf2 Ne5 46.Rc3 Rc4 47.Re3 Rxg4 48.Rxe5 fxe5 49.fxg4 
Kg5 50.Kg3 Kf6 51.Kf3 g6 52.h4 Ke6 53.Ke4 Kd6 54.h5 gxh5 55.gxh5 Ke6 56.Ke3 Kf5 
57.Kf3 Kg5 58.Ke4 Kxh5 59.Kxe5 Kg4 60.Ke4 h5 61.Ke3 Kg3 62.Ke2 Kg2 63.Ke3 h4 0-1

[Event "Macieja Memorial"]
[Site "Warsaw POL"]
[Date "2024.07.08"]
[Round "6.43"]
[White "Stefaniuk, Zbigniew"]
[Black "Wiech, Grzegorz"]
[Result "1/2-1/2"]
[WhiteElo "1803"]
[BlackElo "1997"]
[EventDate "2024.07.08"]
[PlyCount "75"]

1.e4 c5 2.Nf3 d6 3.Bb5+ Bd7 4.Bxd7+ Qxd7 5.O-O Nf6 6.Re1 Nc6 7.c3 e6 8.d4 d5 
9.e5 Ne4 10.Nbd2 Nxd2 11.Bxd2 cxd4 12.cxd4 Be7 13.Rc1 O-O 14.h4 Rac8 15.h5 h6 
16.Bf4 Nb4 17.a3 Rxc1 18.Bxc1 Nc6 19.Bf4 Rc8 20.Qd2 Kh7 21.Rc1 Nd8 22.Qd3+ Kg8 
23.Qd2 Rxc1+ 24.Qxc1 Bf8 25.g4 Nc6 26.g5 hxg5 27.Bxg5 Ne7 28.h6 gxh6 29.Bxh6 
Bxh6 30.Qxh6 Nf5 31.Qg5+ Kf8 32.Qf6 Qc7 33.Qh8+ Ke7 34.Qf6+ Kf8 35.Qh8+ Ke7 
36.Qf6+ Ke8 37.Qh8+ Ke7 38.Qf6+ 1/2-1/2

[Event "Macieja Memorial"]
[Site "Warsaw POL"]
[Date "2024.07.08"]
[Round "6.44"]
[White "Patil, Harshal"]
[Black "Boryna, Szymon"]
[Result "1-0"]
[WhiteElo "1995"]
[BlackElo "1791"]
[EventDate "2024.07.08"]
[PlyCount "58"]

1.Nf3 Nf6 2.g3 d5 3.Bg2 c6 4.O-O g6 5.c4 Bg7 6.d4 Bg4 7.Ne5 Be6 8.cxd5 Bxd5 
9.Bh3 O-O 10.Nc3 Nbd7 11.e4 Nxe5 12.exd5 Ned7 13.dxc6 bxc6 14.Bg5 Nb6 15.Rc1 h6 
16.Bf4 Nfd5 17.Be5 Bxe5 18.dxe5 Nc4 19.Qe2 Ncb6 20.e6 f5 21.Rfd1 Qb8 22.Qd2 Qd6 
23.Re1 Rf6 24.Nxd5 cxd5 25.Qxh6 Rxe6 26.Bg2 Rxe1+ 27.Rxe1 Nc4 28.b3 Ne5 29.Rd1 
Nf7 1-0

[Event "Macieja Memorial"]
[Site "Warsaw POL"]
[Date "2024.07.08"]
[Round "6.45"]
[White "Zurkowski, Andrzej"]
[Black "Mroczkowski, Adam"]
[Result "1-0"]
[WhiteElo "1993"]
[BlackElo "1786"]
[EventDate "2024.07.08"]
[PlyCount "75"]

1.b3 d5 2.Bb2 Nc6 3.e3 e5 4.d4 e4 5.a3 a6 6.c4 Nf6 7.Nc3 Bf5 8.Nge2 Ne7 9.Nf4 
c6 10.b4 Ng6 11.Nxg6 Bxg6 12.b5 axb5 13.cxb5 Bd6 14.Qb3 O-O 15.Be2 Qe7 16.h3 
Rfc8 17.Na4 Qc7 18.O-O Qa5 19.Nc3 Bb8 20.a4 Qc7 21.g3 Qd6 22.bxc6 bxc6 23.a5 
Bc7 24.Ba3 Qd7 25.Kg2 Bxa5 26.Na4 Rcb8 27.Qc2 Bc7 28.Rfc1 Bd6 29.Bc5 Bxc5 
30.Qxc5 Qc7 31.Nb6 Nd7 32.Nxd5 Nxc5 33.Nxc7 Rxa1 34.Rxa1 Nb3 35.Rb1 Rb7 36.Ne8 
Na5 37.Ra1 Nb3 38.Ra8 1-0

[Event "Macieja Memorial"]
[Site "Warsaw POL"]
[Date "2024.07.08"]
[Round "6.46"]
[White "Nowakowski, Maksymilian"]
[Black "Klim, Filip"]
[Result "1/2-1/2"]
[WhiteElo "1791"]
[BlackElo "1993"]
[EventDate "2024.07.08"]
[PlyCount "90"]

1.d4 d5 2.c4 e6 3.Nf3 a6 4.e3 Nf6 5.b3 c5 6.cxd5 Nxd5 7.Bb2 Nc6 8.Nbd2 cxd4 
9.Nxd4 Bd7 10.Be2 Be7 11.O-O O-O 12.Bf3 Bf6 13.Nxc6 Bxc6 14.Bxf6 Qxf6 15.Rc1 
Rac8 16.Bxd5 Bxd5 17.e4 Bc6 18.Re1 Rfd8 19.Qe2 b5 20.Rc2 Bb7 21.Rec1 Qd4 
22.Rxc8 Rxc8 23.Rxc8+ Bxc8 24.h3 Bb7 25.Kh2 h6 26.Qe3 Qxe3 27.fxe3 e5 28.Kg3 f6 
29.b4 Kf7 30.h4 h5 31.Kf2 Ke6 32.g3 Kd6 33.Ke2 g5 34.Kd3 Bc8 35.Nb3 Be6 36.Nc5 
Bc8 37.a3 a5 38.Nb3 axb4 39.axb4 f5 40.exf5 Bxf5+ 41.e4 Be6 42.Nc5 Bc4+ 43.Ke3 
gxh4 44.gxh4 Bf7 45.Kd3 Bc4+ 1/2-1/2

[Event "Macieja Memorial"]
[Site "Warsaw POL"]
[Date "2024.07.08"]
[Round "6.47"]
[White "Adamski, Jan"]
[Black "Haladaj, Adam"]
[Result "1-0"]
[WhiteElo "1989"]
[BlackElo "1773"]
[EventDate "2024.07.08"]
[PlyCount "145"]

1.Nf3 d5 2.c4 e6 3.g3 dxc4 4.Qa4+ Qd7 5.Qxc4 c5 6.Bg2 Nc6 7.O-O Nf6 8.Rd1 e5 
9.Nc3 Be7 10.e3 Qg4 11.Qb3 O-O 12.h3 Qe6 13.Qc2 Rd8 14.Ng5 Qf5 15.Nge4 Be6 
16.d3 Rac8 17.b3 Nd5 18.Bb2 f6 19.Qe2 Qg6 20.Rac1 b6 21.Nxd5 Bxd5 22.a3 f5 
23.Nd2 Bxg2 24.Kxg2 Bf6 25.Nc4 Qf7 26.Qf3 Qe6 27.Qe2 Qd5+ 28.Qf3 Qxf3+ 29.Kxf3 
Kf7 30.Ke2 Ke6 31.Rc2 g6 32.Rdc1 Rd7 33.Nd2 Rcd8 34.b4 Rxd3 35.bxc5 bxc5 36.Nc4 
Ne7 37.Rd2 Rxd2+ 38.Nxd2 Rd5 39.Nb3 Kd6 40.a4 Ng8 41.Ba3 Ke6 42.Nxc5+ Kf7 
43.Rb1 Ne7 44.Rb7 a5 45.f3 e4 46.fxe4 fxe4 47.Nxe4 Re5 48.Nxf6 Kxf6 49.Bxe7+ 
Rxe7 50.Rxe7 Kxe7 51.Kd3 Kd6 52.Kd4 Ke6 53.g4 g5 54.e4 h6 55.e5 Ke7 56.Kd5 Kd7 
57.e6+ Ke7 58.Ke5 Ke8 59.Kf6 Kf8 60.Kg6 Ke7 61.Kxh6 Kf6 62.e7 Kxe7 63.Kxg5 Kf7 
64.h4 Kg7 65.h5 Kh8 66.Kg6 Kg8 67.g5 Kh8 68.Kf7 Kh7 69.g6+ Kh6 70.g7 Kg5 
71.g8=Q+ Kf5 72.h6 Ke5 73.h7 1-0

[Event "Macieja Memorial"]
[Site "Warsaw POL"]
[Date "2024.07.08"]
[Round "6.48"]
[White "Smetek, Michal"]
[Black "Stachniak, Stanislaw"]
[Result "1-0"]
[WhiteElo "1979"]
[BlackElo "1733"]
[EventDate "2024.07.08"]
[PlyCount "83"]

1.d4 Nf6 2.c4 g6 3.Nc3 Bg7 4.Nf3 O-O 5.g3 d6 6.Bg2 c6 7.O-O Nbd7 8.e4 e5 9.dxe5 
dxe5 10.Qc2 Qe7 11.h3 Nc5 12.Be3 a5 13.a3 Be6 14.Nxe5 Nfd7 15.Nxd7 Nxd7 16.b3 
a4 17.Nxa4 Bxa1 18.Rxa1 b5 19.Nc3 bxc4 20.b4 Rfb8 21.Qc1 Ne5 22.h4 Nd3 23.Qd1 
Qf6 24.Qd2 Rxb4 25.Bg5 Qd4 26.Be3 Qd7 27.Nd1 Rb3 28.a4 c5 29.a5 Qb5 30.Bh6 Rb1 
31.Rxb1 Qxb1 32.Kh2 Qb4 33.Qg5 Qb8 34.Qd2 Qe5 35.Be3 Nb4 36.Nc3 Rxa5 37.Bf4 Qd4 
38.Qc1 Nd3 39.Qb1 Qxc3 40.Qb8+ Kg7 41.Bd6 Kf6 42.Qh8# 1-0

[Event "Macieja Memorial"]
[Site "Warsaw POL"]
[Date "2024.07.08"]
[Round "6.49"]
[White "Galczynski, Maksymilian"]
[Black "Smietanska, Wiktoria"]
[Result "1-0"]
[WhiteElo "1790"]
[BlackElo "1975"]
[EventDate "2024.07.08"]
[PlyCount "73"]

1.e4 c5 2.Nf3 d6 3.d4 cxd4 4.Nxd4 Nf6 5.Nc3 a6 6.h3 e5 7.Nde2 h5 8.Bg5 Be7 
9.Qd2 Nbd7 10.f4 b5 11.O-O-O Bb7 12.Nd5 Nxd5 13.exd5 Bxg5 14.fxg5 Nb6 15.Qd3 
Qxg5+ 16.Kb1 Nxd5 17.Qb3 Ne7 18.Ng3 O-O 19.Be2 h4 20.Nh5 d5 21.Rhf1 d4 22.Bf3 
e4 23.Bg4 Bd5 24.Qb4 Nc6 25.Qd6 Rad8 26.Qh2 Be6 27.Rf4 Qe5 28.Rdf1 Bxg4 29.hxg4 
g5 30.Nf6+ Kh8 31.a3 Kg7 32.Nh5+ Kh8 33.Qh3 gxf4 34.Qxh4 Kg8 35.Nf6+ Qxf6 
36.Qxf6 e3 37.Rh1 1-0

[Event "Macieja Memorial"]
[Site "Warsaw POL"]
[Date "2024.07.08"]
[Round "6.50"]
[White "Sprzeczka, Emilia"]
[Black "Gbiorczyk, Mikolaj"]
[Result "0-1"]
[WhiteElo "1782"]
[BlackElo "1967"]
[EventDate "2024.07.08"]
[PlyCount "97"]

1.e4 c6 2.d4 g6 3.Nf3 Bg7 4.Be2 d5 5.e5 Bg4 6.h3 Bxf3 7.Bxf3 e6 8.O-O Ne7 9.Nd2 
O-O 10.c4 Nf5 11.cxd5 Nxd4 12.dxc6 Nxf3+ 13.Nxf3 Nxc6 14.Qe2 Qa5 15.Bd2 Qa4 
16.b3 Qa3 17.Bc3 Rfd8 18.Ng5 Qe7 19.Qe3 h6 20.Nf3 Rd5 21.Rad1 Rad8 22.Rxd5 Rxd5 
23.Re1 Qa3 24.Qe2 a5 25.Qc2 Qc5 26.Qb2 Rd3 27.Nd2 Qxc3 28.Qxc3 Rxc3 29.Ne4 Rc2 
30.Nd6 Bxe5 31.Nxb7 Rxa2 32.Nc5 Bd4 33.Ne4 f5 34.Rc1 fxe4 35.Rxc6 Bxf2+ 36.Kf1 
e3 37.Rxe6 Kf7 38.Re4 Ra1+ 39.Ke2 Re1+ 40.Kf3 Rb1 41.Re5 Ra1 42.Rb5 Bg1 43.Rb7+ 
Ke8 44.Rb6 Kf7 45.Rb7+ Kf6 46.Rb6+ Ke5 47.Rxg6 Ra2 48.Rxh6 e2 49.Rh5+ 0-1

[Event "Macieja Memorial"]
[Site "Warsaw POL"]
[Date "2024.07.08"]
[Round "6.51"]
[White "Wasiluk, Mateusz"]
[Black "Zaninotto, Franco"]
[Result "1-0"]
[WhiteElo "1767"]
[BlackElo "1961"]
[EventDate "2024.07.08"]
[PlyCount "54"]

1.e4 c5 2.Nf3 Nc6 3.Bb5 g6 4.Bxc6 bxc6 5.d4 Bg7 6.dxc5 Qa5+ 7.c3 Qxc5 8.Be3 Qa5 
9.O-O Nf6 10.Nbd2 O-O 11.h3 Rb8 12.Re1 Qc7 13.b3 d6 14.Qc2 Ba6 15.c4 c5 16.Rad1 
Bb7 17.Bg5 h6 18.Bxf6 Bxf6 19.Nb1 Bg7 20.Nc3 e6 21.Nb5 Qa5 22.Rxd6 Rbd8 23.Red1 
Rxd6 24.Nxd6 Bc6 25.Qe2 Qc7 26.e5 Rd8 27.Qe3 Qb6 1-0

[Event "Macieja Memorial"]
[Site "Warsaw POL"]
[Date "2024.07.08"]
[Round "6.52"]
[White "Lewczuk, Jakub"]
[Black "Pesko, Tomasz"]
[Result "1-0"]
[WhiteElo "1674"]
[BlackElo "1937"]
[EventDate "2024.07.08"]
[PlyCount "123"]

1.d4 Nf6 2.Nc3 d5 3.Bf4 Bf5 4.e3 e6 5.Bd3 Bxd3 6.cxd3 c6 7.Nf3 Bd6 8.Ne5 O-O 
9.O-O c5 10.Nb5 Bxe5 11.Bxe5 Na6 12.dxc5 Nxc5 13.Bd6 Ncd7 14.Bxf8 Qxf8 15.d4 a6 
16.Nc3 Qb4 17.Rb1 Nb6 18.a3 Qd6 19.f3 Rd8 20.Qd3 Ne8 21.Rfd1 Qe7 22.e4 dxe4 
23.fxe4 Nd6 24.Re1 Qg5 25.Rf1 Ndc4 26.Rf2 Ne5 27.Qd1 Ng4 28.Rf3 h5 29.Rg3 Qf6 
30.Ne2 Qf2+ 31.Kh1 Nc4 32.Qf1 Nd2 33.Qxf2 Nxf2+ 34.Kg1 Nxb1 35.Kxf2 Nd2 36.Ke3 
Nc4+ 37.Kd3 Nxb2+ 38.Kc2 Nc4 39.Rc3 b5 40.a4 Kf8 41.axb5 axb5 42.Rb3 Rb8 43.Nc3 
Nd6 44.e5 Nf5 45.Kd3 b4 46.Na2 Ra8 47.Nxb4 g6 48.Nc6 Ra1 49.Rb8+ Kg7 50.h3 Ra3+ 
51.Ke2 Ra2+ 52.Kd3 Rxg2 53.Rb7 Rg3+ 54.Kc4 Rxh3 55.Nd8 Nh6 56.Nxe6+ Kg8 57.Rb8+ 
Kh7 58.Ng5+ Kg7 59.Nxh3 Nf5 60.d5 Kh6 61.d6 g5 62.d7 1-0

[Event "Macieja Memorial"]
[Site "Warsaw POL"]
[Date "2024.07.08"]
[Round "6.53"]
[White "Staroszczyk, Mateusz"]
[Black "Izafatava, Kira"]
[Result "1-0"]
[WhiteElo "1933"]
[BlackElo "1728"]
[EventDate "2024.07.08"]
[PlyCount "91"]

1.d4 d5 2.Bf4 c5 3.e3 Nc6 4.c3 Nf6 5.Nd2 e6 6.Ngf3 b6 7.Bd3 Bb7 8.Ne5 Rc8 9.Bg3 
Bd6 10.f4 O-O 11.Bh4 Be7 12.O-O Nd7 13.Bxe7 Qxe7 14.Rf3 f6 15.Rh3 f5 16.Qh5 Nf6 
17.Qh4 g6 18.Ndf3 Nh5 19.Ng5 Nxe5 20.fxe5 h6 21.Nf3 Qxh4 22.Rxh4 c4 23.Bc2 Rc7 
24.Rf1 Rg7 25.g4 fxg4 26.Rxg4 g5 27.Rg2 Bc6 28.Rgf2 Be8 29.Kg2 Bg6 30.Bxg6 Rxg6 
31.Nd2 Rxf2+ 32.Rxf2 Ng7 33.e4 dxe4 34.Nxe4 Nf5 35.Nf6+ Kf7 36.Ne4 Kg7 37.Kf3 
g4+ 38.Ke2 h5 39.Nf6 h4 40.Nh5+ Kh6 41.Nf4 Rg8 42.Nxe6 Ng7 43.Rf6+ Kh5 44.Nf4+ 
Kg5 45.Ke3 Nh5 46.Ne6# 1-0

[Event "Macieja Memorial"]
[Site "Warsaw POL"]
[Date "2024.07.08"]
[Round "6.54"]
[White "Tsiapko, Andrii"]
[Black "Koralczyk, Aleksander"]
[Result "1-0"]
[WhiteElo "1930"]
[BlackElo "1718"]
[EventDate "2024.07.08"]
[PlyCount "59"]

1.d4 c5 2.d5 Nf6 3.c4 b5 4.cxb5 a6 5.bxa6 Bxa6 6.Nc3 g6 7.e4 Bxf1 8.Kxf1 Bg7 
9.Nf3 d6 10.g3 O-O 11.Kg2 Qb6 12.a4 Na6 13.Qe2 Nb4 14.Ra3 Rfb8 15.Nb5 h6 16.Nd2 
Rxa4 17.Rxa4 Qxb5 18.Qxb5 Rxb5 19.Ra7 e6 20.dxe6 fxe6 21.Re7 e5 22.f3 Kf8 
23.Ra7 Nd3 24.Nc4 d5 25.exd5 Nxd5 26.Rd1 N5b4 27.Bd2 e4 28.Bxb4 Rxb4 29.fxe4 
Nxb2 30.Rd8# 1-0

[Event "Macieja Memorial"]
[Site "Warsaw POL"]
[Date "2024.07.08"]
[Round "6.55"]
[White "Barwinska, Ewa"]
[Black "Kwiecinski, Rafal"]
[Result "1-0"]
[WhiteElo "1927"]
[BlackElo "1696"]
[EventDate "2024.07.08"]
[PlyCount "91"]

1.e4 c5 2.Nf3 Nc6 3.Bb5 d6 4.Bxc6+ bxc6 5.O-O Qc7 6.d3 Bg4 7.b3 e6 8.Bb2 Ne7 
9.Nbd2 d5 10.Re1 d4 11.h3 Bh5 12.Nf1 f6 13.Ng3 Bf7 14.a4 e5 15.Ba3 Ng6 16.Nf5 
Nf4 17.Qd2 g6 18.Ng3 h5 19.Ne2 Ne6 20.c3 Bh6 21.Qc2 g5 22.cxd4 cxd4 23.Rec1 Rc8 
24.Nd2 g4 25.hxg4 hxg4 26.Ng3 Bf4 27.Nf5 c5 28.g3 Bg5 29.Nc4 Bxc1 30.Ncd6+ Kf8 
31.Rxc1 Rd8 32.Nb5 Qb6 33.b4 cxb4 34.Bxb4+ Kg8 35.Ne7+ Kg7 36.Nd5 Qa6 37.Be7 
Rc8 38.Bxf6+ Kh7 39.Qd1 Rxc1 40.Qxc1 Rc8 41.Qd1 Bg6 42.Qxg4 Rc1+ 43.Kg2 Qxa4 
44.Qh4+ Kg8 45.Qh8+ Kf7 46.Nd6# 1-0

[Event "Macieja Memorial"]
[Site "Warsaw POL"]
[Date "2024.07.08"]
[Round "6.56"]
[White "Gozdzikowski, Franciszek"]
[Black "Binkowska, Agata"]
[Result "1/2-1/2"]
[WhiteElo "1726"]
[BlackElo "1912"]
[EventDate "2024.07.08"]
[PlyCount "60"]

1.e4 c5 2.Nf3 e6 3.d4 cxd4 4.Nxd4 a6 5.Nc3 Qc7 6.a3 b5 7.Be3 Bb7 8.Bd3 Nf6 9.f4 
h5 10.h3 h4 11.e5 Nh5 12.Rg1 Bc5 13.Ndxb5 axb5 14.Nxb5 Qa5+ 15.b4 Bxb4+ 16.axb4 
Qxa1 17.Nd6+ Ke7 18.Nxb7 Qxd1+ 19.Kxd1 Na6 20.Kd2 Rhb8 21.b5 Rxb7 22.bxa6 Rc7 
23.Ra1 Ng3 24.a7 d6 25.exd6+ Kxd6 26.Ra6+ Ke7 27.Bf2 f5 28.Bb5 Ne4+ 29.Ke3 Rxc2 
30.Bc6 Nxf2 1/2-1/2

[Event "Macieja Memorial"]
[Site "Warsaw POL"]
[Date "2024.07.08"]
[Round "7.1"]
[White "Piorun, Kacper"]
[Black "Fridman, Daniel"]
[Result "0-1"]
[WhiteElo "2528"]
[BlackElo "2474"]
[EventDate "2024.07.08"]
[PlyCount "32"]

1.d4 d5 2.Bg5 h6 3.Bh4 c6 4.e3 Qb6 5.Nd2 Qxb2 6.c4 e6 7.Ngf3 Be7 8.Bg3 Nf6 
9.Bd3 Qa3 10.Qc2 Na6 11.Be2 Nb4 12.Qb1 Ne4 13.O-O Nc3 14.Qe1 Nc2 15.Nb1 Nxe1 
16.Nxa3 Nxe2+ 0-1

[Event "Macieja Memorial"]
[Site "Warsaw POL"]
[Date "2024.07.08"]
[Round "7.2"]
[White "Gdanski, Jacek"]
[Black "Socko, Bartosz"]
[Result "1-0"]
[WhiteElo "2315"]
[BlackElo "2552"]
[EventDate "2024.07.08"]
[PlyCount "67"]

1.e4 e6 2.d4 d5 3.exd5 exd5 4.Nf3 Bd6 5.c4 Nf6 6.c5 Be7 7.Nc3 b6 8.cxb6 axb6 
9.Bd3 O-O 10.h3 c5 11.O-O Nc6 12.Re1 Re8 13.Bg5 Be6 14.Bb5 Qc7 15.dxc5 bxc5 
16.Bxf6 Bxf6 17.Nxd5 Bxd5 18.Qxd5 Nb4 19.Qc4 Rxe1+ 20.Rxe1 Qb6 21.Be8 Qc7 22.a3 
Na6 23.Bb5 Bxb2 24.Bxa6 Bxa3 25.Qe4 Rf8 26.Bc4 h6 27.Qe7 Qf4 28.Qe4 Qf6 29.Qe5 
Qg6 30.Re4 h5 31.Qe7 Bb2 32.Ng5 Bf6 33.Bxf7+ Rxf7 34.Qe8+ 1-0

[Event "Macieja Memorial"]
[Site "Warsaw POL"]
[Date "2024.07.08"]
[Round "7.3"]
[White "Klimkowski, Jan"]
[Black "Johannesson, Ingvar Thor"]
[Result "1-0"]
[WhiteElo "2372"]
[BlackElo "2365"]
[EventDate "2024.07.08"]
[PlyCount "161"]

1.e4 e6 2.d4 d5 3.Nd2 Nf6 4.e5 Nfd7 5.Bd3 c5 6.c3 Nc6 7.Ngf3 g6 8.O-O Bg7 9.Re1 
O-O 10.Nf1 f6 11.exf6 Qxf6 12.Bb5 cxd4 13.Bxc6 bxc6 14.cxd4 c5 15.dxc5 Nxc5 
16.Be3 Ne4 17.Bd4 Qf7 18.Ng3 e5 19.Nxe4 exd4 20.Nd6 Qf6 21.Nxc8 Raxc8 22.Qb3 
Rc5 23.Rac1 Qb6 24.Rxc5 Qxc5 25.h3 Qc4 26.Rd1 Qxb3 27.axb3 Rb8 28.Nxd4 Bxd4 
29.Rxd4 Rxb3 30.Rxd5 Rxb2 31.Rd8+ Kg7 32.Rd7+ Kg8 33.Rxa7 Rc2 34.h4 h6 35.f3 
Rc4 36.h5 gxh5 37.Kh2 h4 38.Kh3 Kh8 39.Re7 Rc2 40.Re4 Kg7 41.Rxh4 Rb2 42.Ra4 
Rc2 43.g3 Rc5 44.Kg4 Rg5+ 45.Kf4 Rb5 46.Re4 Ra5 47.Re5 Ra3 48.Kg4 Rb3 49.Kf4 
Kf6 50.Re4 Ra3 51.Rb4 Kg6 52.Rb6+ Kg7 53.Re6 Rb3 54.g4 Ra3 55.Re3 Ra5 56.Ke4 
Kf6 57.Rd3 Ra4+ 58.Rd4 Ra3 59.Rd6+ Kg7 60.f4 Ra5 61.Rd5 Ra1 62.Ke5 Ra7 63.Ke6 
Ra4 64.Rd7+ Kg8 65.Kf5 Ra6 66.Re7 Ra5+ 67.Kf6 Ra6+ 68.Re6 Ra4 69.Kg6 Kf8 
70.Rf6+ Kg8 71.Kxh6 Ra7 72.f5 Rh7+ 73.Kg5 Ra7 74.Re6 Kf7 75.Rb6 Rc7 76.Kh6 Rc5 
77.Rb7+ Kf6 78.Rb6+ Kf7 79.Kg5 Ra5 80.Rb7+ Kf8 81.Kg6 1-0

[Event "Macieja Memorial"]
[Site "Warsaw POL"]
[Date "2024.07.08"]
[Round "7.4"]
[White "Gahan, M G"]
[Black "Kosakowski, Jakub"]
[Result "0-1"]
[WhiteElo "2237"]
[BlackElo "2494"]
[EventDate "2024.07.08"]
[PlyCount "48"]

1.e4 c6 2.d4 d5 3.exd5 cxd5 4.c4 Nf6 5.Nc3 Nc6 6.Nf3 a6 7.c5 Bg4 8.Be2 g6 9.Bf4 
Bg7 10.Ne5 Bxe2 11.Nxc6 bxc6 12.Qxe2 Nd7 13.Rd1 O-O 14.O-O Re8 15.b4 e5 16.dxe5 
Nxe5 17.Na4 Nc4 18.Qd3 a5 19.Qb3 axb4 20.Qxb4 Qa5 21.Qxa5 Rxa5 22.Nb6 Rxc5 
23.Rc1 Bd4 24.Bd6 Nxd6 0-1

[Event "Macieja Memorial"]
[Site "Warsaw POL"]
[Date "2024.07.08"]
[Round "7.5"]
[White "Markowski, Tomasz"]
[Black "Malek, Jan"]
[Result "1-0"]
[WhiteElo "2493"]
[BlackElo "2344"]
[EventDate "2024.07.08"]
[PlyCount "79"]

1.d4 d5 2.Nf3 Nf6 3.c4 e6 4.e3 b6 5.Bd3 Bb7 6.O-O Nbd7 7.b3 Bd6 8.cxd5 exd5 
9.Ba3 Bxa3 10.Nxa3 O-O 11.Nb5 a6 12.Nc3 Qe7 13.Qe2 Rfe8 14.Qb2 h6 15.b4 b5 
16.a4 c6 17.a5 Qd6 18.Rac1 Re7 19.Ne2 g6 20.Nf4 Rae8 21.Bb1 Kg7 22.Nd3 Ne4 
23.Rc2 Qf6 24.Nc5 Ndxc5 25.dxc5 Bc8 26.Qxf6+ Kxf6 27.Nd4 Bd7 28.Rd1 Ng5 29.Rcc1 
Ne6 30.Nf3 Nf8 31.h3 g5 32.Nd4 Ne6 33.Nf5 Nc7 34.Nxe7 Rxe7 35.e4 h5 36.Rd2 dxe4 
37.Bxe4 Rxe4 38.Rxd7 Ne8 39.Ra7 Ke6 40.Rxa6 1-0

[Event "Macieja Memorial"]
[Site "Warsaw POL"]
[Date "2024.07.08"]
[Round "7.6"]
[White "Peng, Li Min"]
[Black "Maltsevskaya, Aleksandra"]
[Result "1-0"]
[WhiteElo "2425"]
[BlackElo "2288"]
[EventDate "2024.07.08"]
[PlyCount "66"]

1.e4 c5 2.Nc3 e6 3.g3 Nc6 4.Bg2 g6 5.d3 Bg7 6.Be3 b6 7.Qd2 Bb7 8.h4 h5 9.Nh3 
Nf6 10.Bg5 Qc7 11.Ne2 d5 12.Bxf6 Bxf6 13.exd5 exd5 14.Nhf4 O-O-O 15.O-O-O Ne7 
16.d4 Kb8 17.Nc3 cxd4 18.Nb5 Qc4 19.Nd3 Qxb5 20.Qf4+ Ka8 21.Qxf6 Nc6 22.Rhe1 
Nb4 23.Nxb4 Qxb4 24.Re7 Rhe8 25.Rxe8 Rxe8 26.Qxf7 Rd8 27.Qxg6 Qc5 28.Qxh5 d3 
29.Rxd3 Qxf2 30.Qf3 Qe1+ 31.Rd1 Qa5 32.Kb1 Rc8 33.Qd3 Rd8 1-0